00245nam a2200109Ia 4500008004100000041000800041082001600049100001500065245002200080260002600102365000700128230303s9999 xx 000 0 und d aeng a808.543 RAN aRAND (Ayn) aThe Fountain Head aN.DELHIbsignet books cRS